000 00347 a2200169 4500
001 61657
020 _a9788508128686
040 _cAnchieta - Pituba
100 _aAlencar, José de
240 1 0 _aO guarani
_lpor
245 1 0 _aO guarani
300 _a343
362 0 _a2010
440 1 _aÁtica
650 4 _aFicção brasileira
942 _cBK
999 _c61657
_d61657